000 00947nam a22002175i 4500
001 169027
003 ES-MaACL
005 20230906213950.0
008 080731s2007 sp a |||| | spa d
080 _a7.036(460)
080 _a7.092(460)
111 2 _aCircuitos (
_n18º.
_d2006.
_cMadrid)
_9138124
245 1 0 _aCircuitos de Artes Plásticas y Fotografía
_b: Programa de Arte Joven /
_c[XVIII edición Circuitos de Artes Plásticas y Fotografía, 2006 ; textos = texts, Lorena Martínez de Corral ; traducción = translation, Tom Skipp].
260 _a[Madrid] :
_bDirección General de Juventud,
_c[2007]
300 _a118 p. :
_bprincipalmente il. col. ;
_c26 cm.
546 _aTexto en español y traducción al inglés.
650 1 4 _aArte español-
_yS.XX.
_910202
700 1 _aMartínez de Corral, Lorena.
_9138125
710 1 _aMadrid (Comunidad Autónoma).
_bDirección General de Juventud.
_95614
852 _aES-MaACL
_jL-29607
999 _c169027
_d169027